| 000 | 00651nam a2200181Ia 4500 | ||
|---|---|---|---|
| 008 | 190511s9999 xx 000 0 und d | ||
| 100 | _aHafner, Rebecca J. | ||
| 245 | 4 | _aThe Goldilocks placebo effect: Placebo effect is stronger when people select a treatment from an optimal number of choices / | |
| 245 | _cRebecca J. Hafner, Mathew P. White, Simon J. Handley.-- | ||
| 260 | _bUniversity of Illinois Press | ||
| 260 | _c2018 | ||
| 300 | _aPages 175-184, Summer 2018 | ||
| 440 |
_aJournal of Psychology _v131(2) |
||
| 650 | _aChoice overload | ||
| 650 | _aDecision Making | ||
| 650 | _aGoldilocks effect for choice | ||
| 650 | _asatisfaction | ||
| 999 |
_c361829 _d361829 |
||